000 00517nam a2200181 a 4500
005 20140412111425.0
008 080205s19uu xx 00 eng d
020 _a971-518-112-9
050 _aFil E
_bGo59 2006
100 _aPastor, Boots
245 _aThe Goose that laid Golden Eggs :
_bAng Gansa na nangingitlog ng ginto /
_cBoots Pastor.
260 _aPhilippines :
_bLampara,
_c2006.
300 _a16p.
440 _aStories with Moral Lessons
650 _aImpatient
650 _aGreed
999 _c106191
_d106191